European countries that have been to the FIFA World Cup - Statistics

General Stats
  • This quiz has been taken 1,052 times
    838 since last reset
  • The average score is 31 of 38
Answer Stats
Answer % Correct
France
97%
Germany
97%
Italy
96%
Portugal
96%
Spain
96%
England
95%
Sweden
94%
Russia
93%
Netherlands
92%
Norway
92%
Belgium
91%
Ireland
91%
Denmark
89%
Switzerland
89%
Ukraine
88%
Croatia
87%
Serbia
87%
Greece
86%
Austria
85%
Scotland
85%
Slovakia
85%
Wales
85%
Poland
84%
Hungary
83%
Slovenia
83%
Turkey
82%
Romania
81%
Bulgaria
80%
Czech Republic
80%
Iceland
78%
Bosnia & Herzegovina
74%
Northern Ireland
73%
Yugoslavia
64%
USSR
61%
Czechoslovakia
55%
East Germany
54%
West Germany
51%
Serbia & Montenegro
24%
No matching quizzes found
Score Distribution
Percent of People with Each Score
Percentile by Number Answered
Your Score History
You have not taken this quiz since the last reset